| 000 | 00357 a2200169 4500 | ||
|---|---|---|---|
| 001 | 71884 | ||
| 020 | _a | ||
| 040 | _cAnchieta - Colégio São Paulo | ||
| 100 | _aPorto, Cristina | ||
| 240 | 1 | 0 |
_aGênio e Gina _lpor |
| 245 | 1 | 0 | _aGênio e Gina |
| 300 | _a23 | ||
| 362 | 0 | _a1993 | |
| 440 | 1 | _aFTD | |
| 650 | 4 | _aLiteratura infanto-juvenil | |
| 942 | _cBK | ||
| 999 |
_c71884 _d71884 |
||